Teletrabajo / (Record no. 184891)

MARC details
000 -LEADER
campo de control de longitud fija 01113nam a2200313 i 4500
001 - NÚMERO DE CONTROL
campo de control 184891
003 - IDENTIFICADOR DE NÚMERO DE CONTROL
campo de control SpMaBN
005 - FECHA Y HORA DE LA ÚLTIMA TRANSACCIÓN
campo de control 20250826035941.0
008 - DATOS DE LONGITUD FIJA--INFORMACIÓN GENERAL
campo de control de longitud fija 160216s2013 sp |||| | spa d
020 ## - NÚMERO INTERNACIONAL ESTÁNDAR DEL LIBRO
Número Internacional Estándar del Libro 978-84-15911-31-9
080 ## - NÚMERO DE LA CLASIFICACIÓN DECIMAL UNIVERSAL
Número de la Clasificación Decimal Universal 349.2(460):331.102.1
100 1# - ENTRADA PRINCIPAL--NOMBRE DE PERSONA
Nombre de persona Sempere Navarro, Antonio Vicente.
9 (RLIN) 105409
245 10 - MENCIÓN DEL TÍTULO
Título Teletrabajo /
Mención de responsabilidad, etc. [Antonio V. Sempere Navarro, Djamil Tony Kahale Carrillo].
250 ## - MENCION DE EDICION
Mención de edición Act. a 22 de nov. de 2013.
260 ## - PUBLICACIÓN, DISTRIBUCIÓN, ETC.
Lugar de publicación, distribución, etc. Madrid :
Nombre del editor, distribuidor, etc. Francis Lefebvre,
Fecha de publicación, distribución, etc. 2013.
300 ## - DESCRIPCIÓN FÍSICA
Extensión 180 p. ;
Dimensiones 22 cm.
490 1# - MENCIÓN DE SERIE
Mención de serie Claves prácticas
500 ## - NOTA GENERAL
Nota general Índice.
504 ## - NOTA DE BIBLIOGRAFÍA, ETC.
Nota de bibliografía, etc. Bibliografía: p. 169-171.
596 ## - NOTA AL PIE DE IMPRENTA
NOTA AL PIE DE IMPRENTA En contracub.: Lefebvre-El Derecho.
650 07 - PUNTO DE ACCESO ADICIONAL DE MATERIA--TÉRMINO DE MATERIA
Término de materia o nombre geográfico como elemento de entrada Teletrabajo.
9 (RLIN) 17436
700 1# - ENTRADA AGREGADA--NOMBRE PERSONAL
Nombre de persona Kahale Carrillo, Djamil Tony.
9 (RLIN) 158769
710 2# - ENTRADA AGREGADA--NOMBRE DE ENTIDAD CORPORATIVA
Nombre de entidad corporativa o nombre de jurisdicción como elemento de entrada Ediciones Francis Lefebvre.
9 (RLIN) 158696
710 2# - ENTRADA AGREGADA--NOMBRE DE ENTIDAD CORPORATIVA
Nombre de entidad corporativa o nombre de jurisdicción como elemento de entrada El Derecho (Editorial)
9 (RLIN) 158682
830 00 - PUNTO DE ACCESO ADICIONAL DE SERIE-TÍTULO UNIFORME
Título uniforme Claves prácticas Francis Lefebvre
9 (RLIN) 192249
852 ## - LOCALIZACIÓN
Ubicación ES-MaACL
Número de control de estantería A-15280
itemnumber 191907
Sublocalización o colección R.151097
Ubicación en estantería Depósito 1
Signatura antigua Olim: L 349.2 SEM tel
-- Olim: Meseton
Donativo/Legado Donación: Editorial
942 ## - ELEMENTOS DE ENTRADA SECUNDARIOS (KOHA)
Fuente del sistema de clasificación o colocación Clasificación decimal universal
Holdings
Estatus retirado Estado de pérdida Fuente del sistema de clasificación o colocación Estado de daño No para préstamo Biblioteca de origen Biblioteca actual Ubicación en estantería Fecha de adquisición Fuente de adquisición Total de préstamos Signatura topográfica completa Código de barras Visto por última vez Precio de reemplazo Tipo de ítem Koha
    Clasificación decimal universal     Biblioteca del Ateneo de Madrid Biblioteca del Ateneo de Madrid Depósito 1 16/02/2016 Donación   A-15280 1194731 23/02/2023 23/02/2023 Libro impreso